Property, social structure, and law in the modern Middle East /
محفوظ في:
المؤلف الرئيسي:
مؤلف مشترك:
التنسيق: كتاب
اللغة: English
سلاسل:
SUNY series in Near Eastern studies.
الموضوعات:
الوسوم: إضافة وسم
لا توجد وسوم, كن أول من يضع وسما على هذه التسجيلة!
رقم الطلب: K721.5 .P76 1985
| LEADER | 01523namaa2200313 4500 | ||
|---|---|---|---|
| 001 | 21508 | ||
| 003 | OSt | ||
| 005 | 20210912085136.0 | ||
| 008 | 130303s1985 nyua g b 101 0 eng d | ||
| 952 | |0 0 |1 0 |2 lcc |4 0 |6 K07215 P76 01985 |7 1 |9 18637 |a ARCE |b ARCE |d 2021-09-12 |l 0 |o K721.5 .P76 1985 |p 1004076 |r 2021-09-12 00:00:00 |w 2021-09-12 |y BK | ||
| 999 | |c 21758 |d 21758 | ||
| 010 | |a 85002786 | ||
| 020 | |a 0873959876 | ||
| 040 | |c ARCE Library | ||
| 043 | |a aw----- | ||
| 050 | 0 | 4 | |a K721.5 .P76 1985 |
| 100 | 1 | |a Mayer, Ann Elizabeth, |e author | |
| 245 | 1 | 0 | |a Property, social structure, and law in the modern Middle East / |c edited by Ann Elizabeth Mayer. |
| 264 | 1 | |a Albany, N.Y. : |b State University of New York Press, |c c1985. | |
| 300 | |a xv, 274 pages : |b illustrations ; |c 24 cm. | ||
| 490 | 0 | |a SUNY series in Near Eastern studies. | |
| 500 | |a Papers originally presented at a conference held at the Rockefeller Foundation Center in Bellagio, Italy, Nov. 1980, and sponsored by the Subcommittee on Law and Social Structure of the Joint Committee on the Near and Middle East of the American Council of Learned Societies and the Social Science Research Council. | ||
| 504 | |a aIncludes bibliographical references and index. | ||
| 650 | 0 | |a Real property |z Middle East |v Congresses. | |
| 650 | 0 | |a Right of property |z Middle East |v Congresses. | |
| 650 | 0 | |a Sociological jurisprudence |v Congresses. | |
| 710 | 2 | |a Joint Committee on the Near and Middle East. |b Subcommittee on Law and Social Structure. | |
| 901 | |a reviewed | ||
| 942 | |c BK |2 lcc | ||
